مكتبة جامعة عجلون الوطنية

فهرس بحث المكتبة

Normal view MARC view
  • الجمباز - الحركات الرياضية

Entry Topical Term

Number of records used in: 1

001 - CONTROL NUMBER

  • control field: 13692

003 - CONTROL NUMBER IDENTIFIER

  • control field: JO-AjAnu

005 - DATE AND TIME OF LATEST TRANSACTION

  • control field: 20230606072505.0

008 - FIXED-LENGTH DATA ELEMENTS

  • fixed length control field: 230606|| aca||aabn | a|a d

040 ## - CATALOGING SOURCE

  • Original cataloging agency: JO-AjAnu
  • Transcribing agency: JO-AjAnu

150 ## - HEADING--TOPICAL TERM

  • Topical term or geographic name entry element: الجمباز - الحركات الرياضية

670 ## - SOURCE DATA FOUND

  • Source citation: Work cat.: (JO-AjAnu)7042: اعداد شحاتة، احمد ابراهيم، م.مشارك الشاذلي، احمد فؤاد, author 13691, الأساليب الحديثة في تدريب الجمباز والحركات الأرضية